The Ambassador's Notebook : Western Merchants, French Diplomacy and Islamic Law in the Ottoman Mediterranean c.1600 /
Using never before studied documents from Manuscript Turc 130 (BnF, Paris) , compiled in a unique structure by Ambassador François Savary de Brèves, Viorel Panaite offers a comprehensive picture of the Ottoman Mediterranean around 1600, with the French as protagonists. He explores the foreigner'...
Main Author:
Format: eBook
Language: English
Published:
Leiden ; Boston :
Brill,
2025.
Series:
Middle East and Islamic Studies E-Books Online, Collection 2025.
The Ottoman Empire and its Heritage ;
81.
Subjects:
Online Access: Login to view Source
Tags: Add Tag
Call Number: D410
| LEADER | 04549nam a22005178i 4500 | ||
|---|---|---|---|
| 001 | BRILL9789004697225 | ||
| 003 | nllekb | ||
| 005 | 20250615102013.0 | ||
| 006 | m d | ||
| 007 | cr un uuuua | ||
| 008 | 250404s2025 gw sb 001 0 eng d | ||
| 020 | |a 9789004697225 |q (electronic book) | ||
| 020 | |z 9789004697218 |q (print) | ||
| 024 | 7 | |a 10.1163/9789004633544 |2 DOI | |
| 035 | |z (OCoLC)1483640621 | ||
| 040 | |a NL-LeKB |c NL-LeKB |e rda | ||
| 041 | |a eng | ||
| 050 | 4 | |a D410 | |
| 072 | 7 | |a HBJF1 |2 bicssc | |
| 072 | 7 | |a HIS |x 003000 |2 bisacsh | |
| 072 | 7 | |a HIS |x 026000 |2 bisacsh | |
| 082 | 0 | 4 | |a 910.82 |2 23 |
| 100 | 1 | |a Panaite, Viorel, |e author. | |
| 245 | 1 | 4 | |a The Ambassador's Notebook : |b Western Merchants, French Diplomacy and Islamic Law in the Ottoman Mediterranean c.1600 / |c Viorel Panaite. |
| 246 | 3 | |a Western Merchants, French Diplomacy and Islamic Law in the Ottoman Mediterranean c.1600 | |
| 264 | 1 | |a Leiden ; |a Boston : |b Brill, |c 2025. | |
| 264 | 4 | |c ©2025 | |
| 300 | |a 1 online resource (760 pages) : |b illustrations. | ||
| 336 | |a text |b txt |2 rdacontent | ||
| 337 | |a computer |b c |2 rdamedia | ||
| 338 | |a online resource |2 rdacarrier | ||
| 490 | 1 | |a Middle East and Islamic Studies E-Books Online, Collection 2025 | |
| 490 | 1 | |a The Ottoman Empire and its Heritage ; |v 81 | |
| 504 | |a Includes bibliographical references and index. | ||
| 505 | 0 | |t Acknowledgments -- Notes on Conventions -- List of Facsimiles, Illustrations and Maps -- Abbreviations -- Introduction -- 1 Manuscript -- 1 Structure of MS Turc 130 -- 2 Additional Manuscript Documents -- 3 Western Complementary Sources -- 2 Ambassador -- 1 Ambassador at the Ottoman Court -- 3 Capitulations -- 1 Which Was First? -- 2 The ahdname of 1581 -- 3 The ahdname of 1597 -- 4 The ahdname of 1604 and Beyond -- 5 Legal and Diplomatic Questions -- 4 Foreigners -- 1 Müstemin and müsteminlik in MS Turc 130 -- 2 The Mediterranean Customary Practice -- 3 Capitulatory Regime -- 4 Residency: müstemin vs zimmi -- 5 Safety -- 5 Cities -- 1 Marseille (Marsilya) -- 2 Ottoman Trade Centers in the Mediterranean -- 6 Consuls -- 1 Historical Background -- 2 The Appointment of Consuls -- 3 Consular Fee -- 4 Status and Functions of the Consuls -- 5 Consular Jurisdiction -- 7 Protégés -- 1 Protégés in the French ahdnames -- 2 Defining Protégés -- 3 The Flemish as Protégés -- 8 Navigation -- 1 The Sea in the Ottoman Legal View -- 2 Ships and Sailing -- 3 Freedom of Navigation -- 4 French Shipping vs Illegal Ottoman Actions -- 9 Trade -- 1 The Safety of Trade in French ahdnames -- 2 Commodities: between Bans and Privileges -- 3 Customs Duty (gümrük) -- 4 Special Taxes -- 5 Western Coins -- 6 The Confiscation of Goods: the Maltese Coffee Case -- 10 Piracy -- 1 North African Piracy -- 2 English Privateering -- 11 Captives -- 1 Release of Captives in French ahdnames -- 2 Arz-u hals and hüküms on the Release of French Captives -- 3 A fetva on the Release of French Captives -- Conclusion -- Bibliography -- Index. | |
| 520 | |a Using never before studied documents from Manuscript Turc 130 (BnF, Paris) , compiled in a unique structure by Ambassador François Savary de Brèves, Viorel Panaite offers a comprehensive picture of the Ottoman Mediterranean around 1600, with the French as protagonists. He explores the foreigner's condition (müstemin) in the Abode of Islam, consular jurisdiction, the Flemish as protégés , and takes the reader on a journey to the cities of Marseille, Tunis, Alexandria, Aleppo and Istanbul. He focuses on the capitulations' provisions about merchants, navigation, trade, goods and taxes, as well as diplomatic efforts to curb the illegal actions of provincial authorities, ship captains, North African pirates and English privateers. | ||
| 546 | |a English | ||
| 588 | |a Description based on print version record. | ||
| 650 | 0 | |a History. | |
| 650 | 0 | |a International law. | |
| 776 | 0 | 8 | |i Print version: |t The Ambassador's Notebook : Western Merchants, French Diplomacy and Islamic Law in the Ottoman Mediterranean c.1600. |d Leiden ; Boston : Brill, 2025. |z 9789004697218 |
| 830 | 0 | |a Middle East and Islamic Studies E-Books Online, Collection 2025. | |
| 830 | 0 | |a The Ottoman Empire and its Heritage ; |v 81. | |
| 856 | 4 | |z DOI: |u http://dx.doi.org/10.1163/9789004697225 | |
| 942 | |2 lcc |c EBOOK | ||
| 999 | |c 60986 |d 60986 | ||
